Too many cooks.. : (Record no. 110041)
[ view plain ]
| 000 -LEADER | |
|---|---|
| fixed length control field | 00391nam a2200121 a 4500 |
| 005 - DATE AND TIME OF LATEST TRANSACTION | |
| control field | 20140414131848.0 |
| 008 - FIXED-LENGTH DATA ELEMENTS--GENERAL INFORMATION | |
| fixed length control field | 100717s19uu xx 00 eng d |
| 050 ## - LIBRARY OF CONGRESS CALL NUMBER | |
| Classification number | M 398.9 |
| Item number | T55 1992 |
| 245 ## - TITLE STATEMENT | |
| Title | Too many cooks.. : |
| Remainder of title | and other proverbs / |
| Statement of responsibility, etc | illustrated by Maggie Kneen. |
| 260 ## - PUBLICATION, DISTRIBUTION, ETC. (IMPRINT) | |
| Place of publication, distribution, etc | New York : |
| Name of publisher, distributor, etc | Green Tiger press, |
| Date of publication, distribution, etc | 1992. |
| 650 ## - SUBJECT ADDED ENTRY--TOPICAL TERM | |
| Topical term or geographic name as entry element | Proverbs, English |
| General subdivision | Juvenile literature |
| Withdrawn status | Lost status | Damaged status | Home library | Current library | Shelving location | Date acquired | Total Checkouts | Full call number | Barcode | Date last seen | Price effective from | Koha item type |
|---|---|---|---|---|---|---|---|---|---|---|---|---|
| Munich Library | Munich Library | Main Section | 07/17/2010 | M 398.9 T55 1992 | M0285 | 04/14/2014 | 04/14/2014 | Books |